Sanat - "Espoo" - Kalevauva.fi feat. Club for Five - Statistics

Yleistilastot
  • Tätä visaa on pelattu 18 kertaa
  • Keskiarvotulos 94 / 170
Vastaustilastot
Vastaus % Oikein
on
92%
Ei
85%
Espoolainen
85%
espoolainen
85%
Eikä
77%
ihan
77%
ihanaa
77%
ja
77%
kauniaislaisuuteen
77%
rantaraitilla
77%
sitä
77%
vaihtaisi
77%
Juoksen
69%
korkeintaan
69%
kuin
69%
niin
69%
täällä
69%
voi
69%
että
62%
harrastaa
62%
harrastan
62%
joka
62%
Joka
62%
jos
62%
Jos
62%
Juoksua
62%
Kaikki
62%
Länsimetro
62%
Mutta
62%
ponin
62%
tai
62%
toinen
62%
Viiniä
62%
bleiseri
54%
hyvää
54%
hyvin
54%
keitto
54%
kohtuudella
54%
Koti
54%
länsiväylää
54%
olla
54%
omistavat
54%
päivänä
54%
Rakastan
54%
ruokaa
54%
Salaatti
54%
seuraavana
54%
Suomen
54%
Sveitsi
54%
töissä
54%
urheilla
54%
viikollakin
54%
Beige
46%
Beverly
46%
fondueta
46%
Hills
46%
kuten
46%
kuvitella
46%
lounaana
46%
musta
46%
olevansa
46%
opittuja
46%
päivässä
46%
rakennettu
46%
Roomaakaan
46%
siisti
46%
silmät
46%
vaalea
46%
vaikka
46%
antavat
38%
kännit
38%
kiinni
38%
koira
38%
kolme
38%
kukaan
38%
kurrin
38%
laittaa
38%
Laskettelumatkoilta
38%
lasta
38%
loving
38%
mahtavaa
38%
meuhkata
38%
muidenkin
38%
naapuris
38%
Ovat
38%
raclettea
38%
ruokajuttuja
38%
Solsidan
38%
Still
38%
Tokiossa
38%
vaalituloksesta
38%
Volvo
38%
Yksityisautoilu
38%
you
38%
Äiti
31%
ämpäri
31%
ihmetellyt
31%
isä
31%
kulkea
31%
lomalla
31%
Olen
31%
päässä
31%
Sai
31%
Vedän
31%
astioita
23%
bussikuskia
23%
enemmänkin
23%
eriparin
23%
Espoossa
23%
Fitnessin
23%
Itse
23%
juntti
23%
käy
23%
Käyttää
23%
kehto
23%
kiittää
23%
koen
23%
kotonani
23%
kuuntelee
23%
mielellään
23%
Muistaa
23%
olevani
23%
Rossossa
23%
suomirokkia
23%
jees
15%
kuulkaas
8%
suht
8%
Ehtoja vastaavia visoja ei löytynyt
Tulosjakauma
Jokaisen tuloksen saaneiden osuus
Persentiili vastausten määrän mukaan
Tuloshistoriasi
Et ole pelannut tätä visaa